MDQL
is popping MORE tags! Check the
thread
!
Quizzes
Events
Quiz Creation
Community
Videos
Private Events
Remove Ads
Sign In
Join for FREE
Feedback
Dark Mode
Quiz Categories
Sports
Geography
Music
Movies
Television
Just For Fun
Miscellaneous
History
Literature
Language
Science
Gaming
Entertainment
Religion
Holiday
For Kids
Quiz Lab
Recent
Popular Today
Quiz Kudos Today
Editor Picks
Curator Picks
Quizzes by...
Day
Popularity
Type
Ratings
Length
Year
Community
Subscriptions
Recent Discussions
Orange Saloon
Badges
Playlists
Quests
Create
Leaderboards
Showdown
Live 5
Trivia Bingo
Activity
Puzzle Library
Sporcle Events
Private Events
Virtual Trivia
Globe League
Become a Host
Pub Owners
SporcleCon
Opinionation
Our Games
Videos
Blog
Mobile Apps
Partnerships
Remove Ads and Go Orange
Feedback
Movies
Disney
Marvel Cinematic Universe
Movie Resume
Movie Titles
Oscar
Actor
Actress
Director
Pixar
Role
Movie Quotes
Movie Characters
Box Office
Nominee
Best Picture
Star Wars
James Bond
Horror Movies
Movies
Disney
Marvel Cinematic Universe
Movie Resume
Movie Titles
Oscar
Actor
Actress
Director
Pixar
Role
Movie Quotes
Movie Characters
Box Office
Nominee
Best Picture
Star Wars
James Bond
Horror Movies
Random Quiz
Search Sporcle
×
Quiz Lab
Quiz Lab
Movies
Director
Type in answers that appear in a list
Type in answers that appear in a list
Classic
Best Score? Go Orange.
Directors Next Movie Stats
Can you name the next movie each director is making?
By
Brady
6m
25 Questions
71 Plays
71 Plays
71 Plays
Comments
Comments
Give Quiz Kudos
Give Quiz Kudos
-
- Ratings
hide this ad
More Info
Replay
Link that replays current quiz
Next Quiz
Link to next quiz in quiz playlist
You Got
0%
They Got
Avg Score
13%
Avg Friend Score
Upgrade to see
Score Distribution
Jump to the score distribution portion of the page
Score
0/25
Timer
06:00
0
Plays Today
Director
Movie
% Correct
Christopher Nolan
The Dark Knight Rises
88.7%
David Fincher
The Girl with the Dragon Tattoo
36.6%
Terrence Malick
The Tree of Life
35.2%
Qunetin Tarantino
Kill Bill Vol. 3
35.2%
Steven Spielberg
The Adventures of Tintin: The Secret of the Unicorn
23.9%
Clint Eastwood
Hoover
15.5%
Tim Burton
Frankenweenie
12.7%
James Cameron
Battle Angel
11.3%
P.T. Anderson
The Master
11.3%
Lars von Trier
Melancholia
8.5%
Woody Allen
Midnight in Paris
8.5%
Jim Sheridan
Dream House
7%
Cameron Crowe
We Bought A Zoo
7%
Director
Movie
% Correct
Gus Van Sant
Restless
7%
Martin Scorsese
Hugo Cabret
7%
Guillermo Del Toro
Frankenstein
5.6%
Wong Kar-
Wai
The Grandmasters
4.2%
Steven Soderbergh
Haywire
4.2%
Pedro Almodovar
The Skin That I Inhabit
2.8%
Richard Linklater
Bernie
2.8%
Terry Gilliam
The Man Who Killed Don Quixote
2.8%
Hayao Miyazaki
Porco Rosso: The Last Sortie
2.8%
Ridley Scott
The Kind One
1.4%
David Cronenberg
A Dangerous Mind
1.4%
Francis Ford Coppola
Twixt Now and Sunrise
1.4%
Quiz Playlist
Details
Report
Send in Message
Add To Playlist
More Info:
These are films that have yet to be released as of 11/10.
Classic:
Type in answers that appear in a list
Last Updated: Feb 16, 2017
Quiz Scoreboard
CHALLENGE
Sign Up to Join the Scoreboard
Show All
Scores
Hide
Comments
May contain spoilers
Recently Published
1-10 Letter E Words III
by El_Dandy
Language
2m
Street Fighter Characters
by Artimus82
Gaming
60s
College Basketball Coaching Resumes
by pancakes188
Sports
9m
More to Explore
Quiz From the Vault
Featured Blog Post
Where Did the Easter Bunny Come From?
hide this ad
You Might Also Like...
Tags
Director Quiz
Next
Starring
Today's Top Quizzes in Movies
Browse Movies
hide this ad
Today's Top Quizzes in Director
Browse Director
Top Contributed Quizzes in Movies
1
Pick 5 Posters: Directed by Spielberg
2
7-to-1: Pixar Characters
3
Hidden Star Wars Character II
4
Pick 5 Posters: Lowest-Rated Spielberg
5
Hidden Star Wars Character III
6
Sorting Actors
7
Sorting Actresses
8
Hidden Star Wars Character IV
9
Pick 5 Posters: Directed by Scorsese
10
Hidden Star Wars Character V
Explore More
Trending Topics
NBA
Anime
Kpop
Harry Potter
Crossword
Marvel
Disney
Soccer
The Office
Puzzle
Pokémon
NFL
WWE
Song
Country
hide this ad
More By:
Brady
Quiz
Plays
Rating
Category
Featured
Created
'Modern Family' Characters by Relationship
63,490
4.13
Television
Nov 23, 2009
25 Movies To See Before Oscar Night (EW)
742
4.00
Movies
Jan 4, 2010
I'm In Love With Tom Hanks!
268
4.75
Movies
Dec 14, 2010
Best Picture Nominees without Acting
235
3.90
Movies
Jul 19, 2010
Meryl Streep Directors
166
4.00
Movies
Nov 11, 2010
Go to Creator's Profile
Score Distribution
Quiz Creator Spotlight
Brady
Follow
Send a Message
Quizzes Created
-
Created Quiz Play Count
-
More By This Creator
Popular Quizzes Today
1
Find the US States - No Outlines Minefield
2
Find the Countries of Europe - No Outlines Minefield
3
The Countries of the World
4
Find the US States
5
Risky Map Clicking: Biggest States A-Z
6
US States
7
Popular People in 1961
8
Movies - When Are They Set?
More Movies Quizzes
Inverted Science Fiction Movies
Published
Trending Quizzes
Risky Map Clicking: Least Populous States A-Z
Billboard Blitz: Aretha Franklin
Famous Russians: Author or Composer?
Countries of the World: 200 Million BC
1-10 Letter G Words
Recently Updated
Leaping Animals
pecheneg
Reality TV Shows (A-Z)
bhenderson79
Rickey Henderson's Hall of Fame Teammates
pecheneg
Champions League XIs: Arsenal
pecheneg
Quick Pick: Celebrities in WWE's Hall of Fame
aduchscher
A-Z Keypad Blitz II
pecheneg
Multiple Oscar Actors
pecheneg
Mystery Phrase Blitz: Oscar 'Best Actors'
pecheneg
F. Scott Fitzgerald Novels
LTH
Pick 3 Villains
ddd62291
Trending Topics
Disney
Harry Potter
Anime
Crossword
Kpop
Marvel
NBA
Puzzle
Country
The Office
Soccer
Pokémon
WWE
NFL
Song
Your Account Isn't Verified!
In order to create a playlist on Sporcle, you need to verify the email address you used during registration. Go to your
Sporcle Settings
to finish the process.
Report this User
Report this user for behavior that violates our
Community Guidelines
.
Details:
Send Report
Go to the Sporcle.com Mobile Site →
Comments